| Tag |
First Indicator |
Second Indicator |
Subfields |
| LEADER |
00000cam a2200000 4500 |
| 001 |
in00000095879 |
| 005 |
20150925085825.0 |
| 008 |
800401s1962 cs a b 00000 cze d |
| 010 |
|
|
|a 64052939
|
| 035 |
|
|
|a (OCoLC)06155257
|
| 035 |
|
|
|9 AAL2102AM
|
| 040 |
|
|
|a TXA
|c TXA
|d UtOrBLW
|
| 049 |
|
|
|a TXAM
|c [1149495]
|
| 090 |
|
|
|a TK5101
|b .B32
|
| 100 |
1 |
|
|a Bauman, Milan.
|
| 245 |
1 |
0 |
|a Vyvoj sdelovaci techniky.
|
| 250 |
|
|
|a [Vyd. 1.].
|
| 264 |
|
1 |
|a Praha :
|b Statni nakl. technicke literatury,
|c 1962.
|
| 300 |
|
|
|a 251 pages :
|b illustrations
|
| 336 |
|
|
|a text
|b txt
|2 rdacontent
|
| 337 |
|
|
|a unmediated
|b n
|2 rdamedia
|
| 338 |
|
|
|a volume
|b nc
|2 rdacarrier
|
| 490 |
0 |
|
|a Polytechnicka kniznici. 31 sv. I. rady: Co mate vedet
|
| 500 |
|
|
|a At head of title: Cs. spolecnost pro sireni politickych a vedeckych znalosti. Milan Bauman, Ladislav Kejha.
|
| 504 |
|
|
|a Includes bibliography.
|
| 650 |
|
0 |
|a Telecommunication.
|
| 700 |
1 |
|
|a Kejha, Ladislav.
|
| 999 |
|
|
|a MARS
|
| 999 |
f |
f |
|s 855cdb9d-9535-390f-9b0c-236a3b8fe4fe
|i bedaac4c-19c7-3177-a0f1-01e43840a040
|t 0
|
| 952 |
f |
f |
|p ric
|a Texas A&M University
|b Rellis Campus
|c Joint Library Facility
|d Remote Storage
|t 0
|e TK5101 .B32
|h Library of Congress classification
|i unmediated -- volume
|m A14805478881
|
| 998 |
f |
f |
|a TK5101 .B32
|t 0
|l Remote Storage
|